000 00848nam a22002297a 4500
999 _c4360
_d4360
003 AR-CdUCM
008 190308b ||||| |||| 00| 0 spa d
040 _aMUNICIPALIDAD PROVINCIAL DEL CUSCO
_cBIBLIOTECA MUNICIPAL DEL CUSCO
082 _a712.6 /
_bC28
110 _aManuales populares
_913769
245 _aCasas y jardines /
260 _aFlorida :
_bAmérica,
_c1972.
300 _a224 paginas ;
_bIlustraciones,
_c20 cm.
500 _aDonación de la familia Nieto
505 _aAcampe en el patio de su casa -- Tenga un gimnasio al aire libre -- El patio es una sala al aire libre -- Corra caballos en su patio -- Cuide sus herramientas de jardinería -- Comedor para pájaros ...
650 _aCasas
_97156
650 _aJardines
_9672
650 _aPlanos
_913064
650 _aDiagramas
_913770
942 _2ddc
_cLIBROS
945 _aacv